| 000 | 01044nam a22003377a 4500 | ||
|---|---|---|---|
| 001 | BR2014007844 | ||
| 003 | BR-BrBNA | ||
| 005 | 20230928104553.0 | ||
| 007 | ta | ||
| 008 | 230509b bl.||||| |||| 00| 0 por d | ||
| 040 |
_aBR-BrBNA _bpor _cBiblioteca Nacional de Agricultura |
||
| 041 | _a(Por) | ||
| 072 |
_aF06; H20 _b2120 _b4120 |
||
| 090 | _ 2120 BR2014007844 | ||
| 100 | 1 | _aMatute, A.F.M. | |
| 110 | 1 |
_aUniversidade Federal de Lavras, MG (Brasil) _0Tese (Mestrado) |
|
| 245 | 1 | _aRespostas antioxidantes e trocas gasosas em cafeeiro (Coffea arabica L.)inoculado em Cercospora coffeicola Berk Cook e submetido à deficiência hídrica | |
| 260 | 3 |
_aLavras, MG (Brasil): _c2014. |
|
| 300 | _a39 p. | ||
| 500 | _aSummaries (Eng, Por); 40 ref.; 5 illus. | ||
| 650 | _aCAFE | ||
| 650 | _aRELACAO AGUA-PLANTA | ||
| 650 | _aSTRESS | ||
| 650 | _aAGUA | ||
| 650 | _aIRRIGACAO | ||
| 650 | _aANTIOXIDANTE | ||
| 650 | _aDEFICIENCIA HIDRICA | ||
| 650 | _aCERCOSPORIOSE | ||
| 909 |
_a202309 _bLucia _c55 _dLucia Elande |
||
| 942 | _cBK | ||
| 999 |
_c80631 _d80631 |
||